الموسيقى والغناء في ميزان الإسلام / (Record no. 100651)

MARC details
000 -الفاتح
عناصر البيانات ثابتة الطول 00779cam a2200205 i 4500
005 - تاريخ ووقت آخر معاملة
حقل ضبط 20251119092638.0
008 - عناصر البيانات ثابتة الطول
عناصر البيانات ثابتة الطول 250721s2005 le gr 000 0 ara d
082 14 - رقم تصنيف ديوي العشري
رقم التصنيف 210.42783
رقم المادة ج د ي
100 1# - مدخل رئيسي – اسم شخصي
الاسم الشخصي الجديع، عبد الله بن يوسف
علاقة الشخص بالعمل/ دوره مؤلف.
245 12 - بيان العنوان
العنوان الموسيقى والغناء في ميزان الإسلام /
بيان المسؤولية تأليف عبد الله بن يوسف الجديع.
250 ## - بيان الطبعة
بيان الطبعة الطبعة الثانية.
264 31 - بيانات النشر، التوزيع…إلخ
مكان النشر، التوزيع...إلخ لبنان :
اسم الناشر، الموزع...إلخ مؤسسة الريان للطباعة والنشر،
تاريخ النشر، التوزيع...إلخ 2005.
300 ## - الوصف المادي
عدد الوحدات المكونة للوعاء 635 صفحة.
650 17 - مدخل إضافي بالموضوع - مصطلح موضوعي
مصطلح موضوعي أو اسم جغرافي كعنصر مدخل الإسلام.
650 17 - مدخل إضافي بالموضوع - مصطلح موضوعي
مصطلح موضوعي أو اسم جغرافي كعنصر مدخل الموسيقى الغنائية.
650 17 - مدخل إضافي بالموضوع - مصطلح موضوعي
مصطلح موضوعي أو اسم جغرافي كعنصر مدخل الأحكام الشرعية.
650 17 - مدخل إضافي بالموضوع - مصطلح موضوعي
مصطلح موضوعي أو اسم جغرافي كعنصر مدخل الغناء.
942 ## - بيانات إضافية (كوها)
نوع التنصيف Dewey Decimal Classification
نوع المادة (كوها) Books
Holdings
حالة السحب حالة الفقدان مصدر التصنيف حالة التلف غير قابل للإعارة المكتبة الرئيسية المكتبة الحالية موقع الرف تاريخ التزويد الرقم المتسلسل Total Checkouts رقم الإستدعاء الباركود تاريخ آخر ظهور تاريخ الفاتورة نوع المادة (كوها) العملة
    Dewey Decimal Classification   Not For Loan المكتبة المركزية المكتبة المركزية مقتنيات قسم التزويد 28/07/2025 1037553   210.42783/جدي 1037553 28/07/2025 28/07/2025 Books  
    Dewey Decimal Classification   Not For Loan المكتبة المركزية المكتبة المركزية مقتنيات قسم التزويد 28/07/2025 1037554   210.42783/جدي 1037554 28/07/2025 28/07/2025 Books  
    Dewey Decimal Classification   Not For Loan المكتبة المركزية المكتبة المركزية مقتنيات قسم التزويد 28/07/2025 1037555   210.42783/جدي 1037555 28/07/2025 28/07/2025 Books  
    Dewey Decimal Classification     المكتبة المركزية المكتبة المركزية   19/11/2025 1037552   210.42783 ج د ي PLD001037552 19/11/2025 19/11/2025 Books JOD
    Dewey Decimal Classification     مكتبة أبو علندا العامة مكتبة أبو علندا العامة الإعارة 28/07/2025 1037560   210.42783/جدي 1037560 28/07/2025 28/07/2025 Books  
    Dewey Decimal Classification     مكتبة الأميرة ايمان العامة مكتبة الأميرة ايمان العامة الإعارة 28/07/2025 1037556   210.42783/جدي 1037556 28/07/2025 28/07/2025 Books  
    Dewey Decimal Classification     مكتبة الحسن العامة مكتبة الحسن العامة الإعارة 28/07/2025 1037558   210.42783/جدي 1037558 28/07/2025 28/07/2025 Books  
    Dewey Decimal Classification     مكتبة حمزة العامة مكتبة حمزة العامة الإعارة 28/07/2025 1037559   210.42783/جدي 1037559 28/07/2025 28/07/2025 Books  
    Dewey Decimal Classification     مكتبة صويلح العامة مكتبة صويلح العامة الإعارة 28/07/2025 1037557   210.42783/جدي 1037557 28/07/2025 28/07/2025 Books  
Implemented & Customized by: BBB with SCIT (Smart Chains for Information Technology)

Powered by Koha